<?xml version="1.0" encoding="UTF-8"?><?xml-stylesheet type="text/xsl" href="static/style.xsl"?><OAI-PMH xmlns="http://www.openarchives.org/OAI/2.0/" xmlns:xsi="http://www.w3.org/2001/XMLSchema-instance" xsi:schemaLocation="http://www.openarchives.org/OAI/2.0/ http://www.openarchives.org/OAI/2.0/OAI-PMH.xsd"><responseDate>2026-04-17T06:03:55Z</responseDate><request verb="GetRecord" identifier="oai:www.recercat.cat:11351/3346" metadataPrefix="marc">https://recercat.cat/oai/request</request><GetRecord><record><header><identifier>oai:recercat.cat:11351/3346</identifier><datestamp>2025-11-02T01:40:13Z</datestamp><setSpec>com_2072_378066</setSpec><setSpec>com_2072_378040</setSpec><setSpec>com_2072_378070</setSpec><setSpec>col_2072_378085</setSpec><setSpec>col_2072_378092</setSpec></header><metadata><record xmlns="http://www.loc.gov/MARC21/slim" xmlns:dcterms="http://purl.org/dc/terms/" xmlns:xsi="http://www.w3.org/2001/XMLSchema-instance" xmlns:doc="http://www.lyncode.com/xoai" xsi:schemaLocation="http://www.loc.gov/MARC21/slim http://www.loc.gov/standards/marcxml/schema/MARC21slim.xsd">
   <leader>00925njm 22002777a 4500</leader>
   <datafield ind2=" " ind1=" " tag="042">
      <subfield code="a">dc</subfield>
   </datafield>
   <datafield ind2=" " ind1=" " tag="720">
      <subfield code="a">Guillamón, Imma</subfield>
      <subfield code="e">author</subfield>
   </datafield>
   <datafield ind2=" " ind1=" " tag="720">
      <subfield code="a">Solans-Domènech, Maite</subfield>
      <subfield code="e">author</subfield>
   </datafield>
   <datafield ind2=" " ind1=" " tag="720">
      <subfield code="a">Permanyer-Miralda, Gaietà</subfield>
      <subfield code="e">author</subfield>
   </datafield>
   <datafield ind2=" " ind1=" " tag="720">
      <subfield code="a">Adam, Paula</subfield>
      <subfield code="e">author</subfield>
   </datafield>
   <datafield ind2=" " ind1=" " tag="260">
      <subfield code="c">2018-03-13T12:42:58Z</subfield>
   </datafield>
   <datafield ind2=" " ind1=" " tag="260">
      <subfield code="c">2018-03-13T12:42:58Z</subfield>
   </datafield>
   <datafield ind2=" " ind1=" " tag="260">
      <subfield code="c">2012</subfield>
   </datafield>
   <datafield ind2=" " ind1=" " tag="520">
      <subfield code="a">Impacte de la Recerca en Salut; Avaluació de la recerca; Programes de recerca</subfield>
   </datafield>
   <datafield ind2=" " ind1=" " tag="520">
      <subfield code="a">Impacto de la Investigación en Salud; Evaluación de la investigación; Programas de investigación</subfield>
   </datafield>
   <datafield ind2=" " ind1=" " tag="520">
      <subfield code="a">Impact of Health Research; Research evaluation; Research programs</subfield>
   </datafield>
   <datafield ind2=" " ind1=" " tag="520">
      <subfield code="a">Des del 1996 l’Agència d’Informació, Avaluació i Qualitat en Salut (AIAQS) ha gestionat la Convocatòria de Recerca&#xd;
Clínica i en Serveis Sanitaris. Aquesta ha tingut com a objectius omplir buits de coneixement en el nostre context i&#xd;
ajudar a la presa de decisions informades dins del sector sanitari. Amb la voluntat d’avaluar l’acompliment d’aquests&#xd;
objectius i després d’una dècada d’experiència, l’Agència ha promogut el projecte ISOR [Impacte Social de la Recerca], per tal d’avaluar l’impacte de la recerca finançada en diferents fases. En una primera, es va analitzar un nivell d’impacte, l’avenç del coneixement, identificant beneficis pròpiament científics segons indicadors d’activitat, qualitat, abast i estructura/context. En una segona fase, ha centrat l’atenció en l’impacte relacionat amb la presa de decisions informades, un dels objectius explícits de la Convocatòria, i la capacitació d’equips i institucions.</subfield>
   </datafield>
   <datafield ind2=" " ind1=" " tag="520">
      <subfield code="a">Desde 1996 la Agencia de Información, Evaluación y Calidad en Salud (AIAQS) ha gestionado la Convocatoria de Investigación Clínica y en Servicios Sanitarios. Esta ha tenido como objetivos llenar vacíos de conocimiento en nuestro contexto y ayudar a la toma de decisiones informadas dentro del sector sanitario. Con la voluntad de evaluar el cumplimiento de estos objetivos y después de una década de experiencia, la Agencia ha promovido el proyecto ISOR [Impacto Social de la Investigación], para evaluar el impacto de la investigación financiada en diferentes fases. En una primera, se analizó un nivel de impacto, el avance del conocimiento, identificando beneficios propiamente científicos según indicadores de actividad, calidad, alcance y estructura / contexto. En una segunda fase, ha centrado la atención en el impacto relacionado con la toma de decisiones informadas, uno de los objetivos explícitos de la Convocatoria, y la capacitación de equipos e instituciones.</subfield>
   </datafield>
   <datafield ind2=" " ind1=" " tag="520">
      <subfield code="a">Since 1996, the Agency for Information, Assessment and Quality in Health (AIAQS) has managed the Call for Clinical Research and Health Services. This has been aimed at filling knowledge gaps in our context and helping to make informed decisions within the health sector. With the aim of evaluating the achievement of these objectives and after a decade of experience, the Agency has promoted the ISOR project [Social Impact of Research], in order to evaluate the impact of the research financed in different phases. In the first one, a level of impact, the advance of knowledge, was analyzed, identifying the scientific benefits themselves, indicators of activity, quality, scope and structure / context. In a second phase, it focused attention on the impact related to informed decision making, one of the explicit goals of the Call, and the training of teams and institutions.</subfield>
   </datafield>
   <datafield tag="653" ind2=" " ind1=" ">
      <subfield code="a">Medicina - Investigació - Avaluació</subfield>
   </datafield>
   <datafield tag="653" ind2=" " ind1=" ">
      <subfield code="a">Serveis sanitaris - Investigació - Avaluació</subfield>
   </datafield>
   <datafield tag="653" ind2=" " ind1=" ">
      <subfield code="a">Medicina - Investigació - Presa de decisions</subfield>
   </datafield>
   <datafield tag="653" ind2=" " ind1=" ">
      <subfield code="a">SCIENCE AND HEALTH::Health Sciences, Technology and Innovation Management::Policies and Cooperation in Science, Technology and Innovation::Use of Scientific Information for Health Decision Making</subfield>
   </datafield>
   <datafield tag="653" ind2=" " ind1=" ">
      <subfield code="a">SCIENCE AND HEALTH::Health Sciences, Technology and Innovation Management::Scientific and Technical Activities::Scientific Research and Technological Development::Research Design</subfield>
   </datafield>
   <datafield tag="653" ind2=" " ind1=" ">
      <subfield code="a">SCIENCE AND HEALTH::Health Sciences, Technology and Innovation Management::Policies and Cooperation in Science, Technology and Innovation::Knowledge Management for Health Research::Health Research Plans and Programs</subfield>
   </datafield>
   <datafield tag="653" ind2=" " ind1=" ">
      <subfield code="a">CIENCIA Y SALUD::gestión de ciencia, tecnología e innovación en salud::actividades científicas y tecnológicas::investigación científica y desarrollo tecnológico::diseño de la investigación</subfield>
   </datafield>
   <datafield tag="653" ind2=" " ind1=" ">
      <subfield code="a">CIENCIA Y SALUD::gestión de ciencia, tecnología e innovación en salud::políticas y cooperación en ciencia, tecnología e innovación::uso de la información científica en la toma de decisiones en salud</subfield>
   </datafield>
   <datafield tag="653" ind2=" " ind1=" ">
      <subfield code="a">CIENCIA Y SALUD::gestión de ciencia, tecnología e innovación en salud::políticas y cooperación en ciencia, tecnología e innovación::gestión del conocimiento para la investigación sanitaria::programas y planes de investigación sanitaria</subfield>
   </datafield>
   <datafield ind2="0" ind1="0" tag="245">
      <subfield code="a">Impacte de la Convocatòria de Recerca Clínica i en Serveis Sanitaris en la presa de decisions informades i la capacitació: resposta a un qüestionari</subfield>
   </datafield>
</record></metadata></record></GetRecord></OAI-PMH>